Central Library OPAC University of Rajshahi

Socratic method and critical philosophy : (Record no. 31606)

MARC details
000 -LEADER
fixed length control field 00766cam a22002291 4500
001 - CONTROL NUMBER
control field 31606
003 - CONTROL NUMBER IDENTIFIER
rucl marc code BD-RjUL
005 - DATE AND TIME OF LATEST TRANSACTION
control field 20211209051727.0
008 - FIXED-LENGTH DATA ELEMENTS--GENERAL INFORMATION
fixed length control field 140420t1 949nyu 001 0 eng
035 ## - SYSTEM CONTROL NUMBER
System control number (BD-RjUL)31694
040 ## - CATALOGING SOURCE
Original cataloging agency DLC
Transcribing agency ODaWU
Modifying agency OCoLC
-- BD-RjUL
Language of cataloging eng
041 1# - LANGUAGE CODE
Language code of text/sound track or separate title engund
082 ## - DEWEY DECIMAL CLASSIFICATION NUMBER
Classification number 108
Author mark and year NES 1949
100 1# - MAIN ENTRY--PERSONAL NAME
Personal name Nelson, Leonard,
Dates associated with a name 1882-1927.
9 (RLIN) 96195
245 10 - TITLE STATEMENT
Title Socratic method and critical philosophy :
Remainder of title selected essays /
Statement of responsibility, etc. by Leonard Nelson ; translated by Thomas K. Brown, III ; foreword by Brand Blanshard ; Introduction by Julius Kraft.
260 ## - PUBLICATION, DISTRIBUTION, ETC. (IMPRINT)
Place of publication, distribution, etc. New York :
Name of publisher, distributor, etc. Dover Publications,
Date of publication, distribution, etc. c1949.
300 ## - PHYSICAL DESCRIPTION
Pagination xxii, 211 p. ;
Size 22 cm.
650 #0 - SUBJECT ADDED ENTRY--TOPICAL TERM
Topical term or geographic name as entry element Philosophy.
9 (RLIN) 96196
942 ## - ADDED ENTRY ELEMENTS (KOHA)
Source of classification or shelving scheme Dewey Decimal Classification
Koha item type Books
Holdings
Lost status Source of classification or shelving scheme Damaged status Not for loan Collection code Permanent Location Current Location Shelving location Date acquired Source of acquisition Total Checkouts Full call number Date last seen Copy number Koha item type
  Dewey Decimal Classification   Not For Loan Non-fiction Central Library, University of Rajshahi Central Library, University of Rajshahi Reading Room 02/03/1955 Zeitlinger   108 NES 1949 21/04/2014 C-1 Books